000 00660nam a2200205Ia 4500
005 20250923145338.0
008 008 250917s9999 xx 000 0 eng d
037 _aTextual
040 _aDSWL
_beng
_cDSWL
041 _aeng
_2eng
084 _aY:7:7a2,M<-70, N75
_qDSWL
100 _aSarkar, Sumit
_9834298
245 0 _aBibliographical survey of Social reform movements in eighteenth & Ninteenth centruies
_c by Sumit Sarkar
260 _aNew Delhi
_b Indian Council of Historical Research
_c1975
300 _a54p.
365 _aINR
_b9 . 0
925 _g9 . 0
942 _cTEXL
_hY:7:7a2,M<-70, N75
999 _c1450250
_d1450250